000
00288nam a2200121Ia 4500
008
240624s9999 xx 000 0 und d
041
_a
eng
082
_a
891.43 OJH
100
_a
OJHA PRAFULCHANDRA
245
_a
RAVINDRANATH KE NATAK 1
260
_a
Delhi
_b
Sahitya Academy
365
_c
RS
999
_c
20922
_d
20922